000 00426nam a2200121Ia 4500
008 171212s9999 xx 000 0 und d
100 _aHarms, Erik
245 _cHarms, Erik
_aLuxury and Rubble
_bCivility and Dispossession in the New Saigon
260 _bUniversity of California Press
_c2016
440 _aAsia: Local Studies / Global Themes
650 _aAnthropology
856 _uhttp://jstor.org/stable/10.1525/j.ctt1kc6jz5
999 _c352974
_d352974